Statistiques concernant Acteurs césariens

Cliquez ici pour prendre le quiz!

Statistiques générales

  • Ce quiz a été pris 293 fois
  • Le résultat moyen est 5 sur 9

Statistiques - réponses

Réponse% Correct
Alain Chabat
91%
Ramzy Bedia
89%
Vincent Cassel
88%
Alain Delon
76%
Fabrice Luchini
72%
Michel Serrault
30%
Timothy Dalton
10%
Gottfried John
6%
Klaus Maria Brandauer
5%

Distribution des résultats

Percentile par nombre de réponses

% des personnes avec chaque résultat

Votre développement - résultats

Vous n’avez pas pris ce quiz